LEADER 00934nam a2200229 i 4500 001 000000179300 003 CaOOAMICUS 005 20090508000000.0 008 090508s1967 it u000 u fre u 013 $a156876 040 $aSeMil$bita 100 1 $aStiernon, Daniel.$0(OLS)http://semarc/name/35401 245 10$aConstantinople 4. /$cDaniel Stiernon. 260 $aParis :$bÉditions de l'Orante,$ccopyr. 1967. 300 $a325 p., [2] p. di tav. ;$c19 cm. 490 0 $aHistoire des conciles oecuméniques ;$v5. 500 $aContiene : Chronologie ; Orientations bibliographiques. 830 0$aHistoire des conciles oecuméniques ;$v5.$0(OLS)http://semarc/title/2465 850 $aSeMil 852 $aSeMil$W1$xVenegono$y1$m3B I 115$j130064$B130064$CSeMilBibl$Z2$F141566 $81 996 $6245$aConstantinople 4.$9(OLS)http://semarc/title/257454 996 $6260$aParis :$bÉditions de l'Orante$9(OLS)http://semarc/publisher/35486 LEADER 00985nam a2200205 i 4500 001 000000205458 003 CaOOAMICUS 005 20240111103455.0 008 110822s1791 it u000 u ita u 013 $a184195 026 $a,ei- ioo- ladi ImGi (3) 1791 (R) 040 $aSeMil$bita 245 10$aTomo 7. Dall'anno 1500 all'anno 1600. Parte prima. 300 $aXII, 417, [3] p. 500 $aFregi, capilettera, testatine xilogr. - Segn. : a6 A-3E4 3F6. 773 0 $aTiraboschi, Girolamo <1731-1794>$tStoria della letteratura italiana del cavaliere abate Girolamo Tiraboschi ... Tomo 1. [-8. Parte 2.].$bSeconda edizione modenese riveduta corretta ed accresciuta dall'autore.$dIn Modena : Presso la Società tipografica, 1787-1794.$gTomo7$w()4166 850 $aSeMil 852 $aSeMil$W1$xVenegono$y1$m1G VII 10 FA$j155952$B155952$CSeMilBibl$Z2$F167294 $8I 996 $6245$aTomo 7. Dall'anno 1500 all'anno 1600. Parte prima$9(OLS)http://semarc/title/297394